[Event "IMSA World Masters Blitz"]
[Site "Hengshui CHN"]
[Date "2019.05.18"]
[Round "14.3"]
[White "Andreikin, Dmitry"]
[Black "Korobov, Anton"]
[Result "1/2-1/2"]
[WhiteTitle "GM"]
[BlackTitle "GM"]
[WhiteElo "2722"]
[BlackElo "2687"]
[WhiteFideId "4158814"]
[BlackFideId "14105730"]
[EventDate "2019.05.17"]

1. e4 e6 2. d4 d5 3. Nc3 Nf6 4. e5 Nfd7 5. f4 c5 6. Nf3 Nc6 7. Be3 Qb6 8. Na4
Qa5+ 9. c3 c4 10. b4 Qc7 11. Be2 b5 12. Nc5 Nxc5 13. dxc5 a5 14. a3 Be7 15. O-O
O-O 16. Nd4 Nxd4 17. Bxd4 Bd7 18. g4 f5 19. gxf5 Rxf5 20. Bg4 Rf7 21. Qf3 Raf8
22. Qg3 a4 23. Rf2 Rf5 24. Raf1 Be8 25. Rg2 Bg6 26. h4 Bd8 27. Qh3 h6 28. Be3
Qd7 29. Rf3 h5 30. Bxf5 Bxf5 31. Qg3 g6 32. Rh2 Kh7 33. Rff2 Rg8 34. Bd4 Qc6 35.
Kf1 Rg7 36. Ke1 Be7 37. Kd2 Bd8 38. Ke3 Be7 39. Kd2 Bd8 40. Ke3 Be7 41. Kd2 Bd8
42. Ke3 1/2-1/2

[Event "IMSA World Masters Blitz"]
[Site "Hengshui CHN"]
[Date "2019.05.18"]
[Round "14.5"]
[White "Gelfand, Boris"]
[Black "Dominguez Perez, Leinier"]
[Result "1/2-1/2"]
[WhiteTitle "GM"]
[BlackTitle "GM"]
[WhiteElo "2676"]
[BlackElo "2750"]
[WhiteFideId "2805677"]
[BlackFideId "3503240"]
[EventDate "2019.05.17"]

1. d4 Nf6 2. c4 e6 3. Nf3 d5 4. g3 Be7 5. Bg2 O-O 6. Qc2 c5 7. dxc5 Nc6 8. cxd5
exd5 9. O-O Ne4 10. Nc3 Bf5 11. Qb3 d4 12. Nxe4 Bxe4 13. Rd1 Bxc5 14. Bg5 Qb6
15. Qxb6 Bxb6 16. Rac1 Rfe8 17. a3 h6 18. Bd2 Bd5 19. Kf1 Bb3 20. Re1 Rad8 21.
h4 Rd7 22. Bf4 Bd5 23. Nd2 Bxg2+ 24. Kxg2 Rd5 25. Nc4 g5 26. hxg5 hxg5 27. Bd2
f6 28. e4 dxe3 29. Bxe3 Bxe3 30. Nxe3 Rd2 31. Nc4 Rxe1 32. Rxe1 Rc2 33. b3 Rc3
34. Nd2 Kf7 35. b4 a6 36. Ne4 Rxa3 37. Nd6+ Kg6 38. Re8 Ra2 39. Rg8+ Kh7 40. Rf8
Kg7 41. Rf7+ Kg6 42. Rxb7 Ne5 43. Ne4 Re2 44. Nc3 Rc2 45. Ne4 Ng4 46. Rb6 Kf5
47. Nd6+ Kg6 48. Ne4 Kf5 49. Nd6+ Ke5 50. Kf3 Nxf2 51. Nf7+ Kf5 52. Nd6+ Ke5 53.
Nf7+ Kd5 54. Rd6+ Kc4 55. Rc6+ Kb3 56. Rxc2 Kxc2 57. Kxf2 Kb3 58. Ke3 Kxb4 59.
Kd3 Kc5 60. Nh6 Kd5 61. Nf5 Ke5 62. g4 Kf4 63. Nh6 a5 64. Kc4 a4 65. Kb4 f5 66.
gxf5 Ke5 67. Kxa4 g4 68. Nxg4+ Kxf5 1/2-1/2

[Event "IMSA World Masters Blitz"]
[Site "Hengshui CHN"]
[Date "2019.05.18"]
[Round "14.6"]
[White "Jones, Gawain C B"]
[Black "Yu, Yangyi"]
[Result "1-0"]
[WhiteTitle "GM"]
[BlackTitle "GM"]
[WhiteElo "2702"]
[BlackElo "2739"]
[WhiteFideId "409561"]
[BlackFideId "8603820"]
[EventDate "2019.05.17"]

1. e4 e5 2. d4 exd4 3. Nf3 Nc6 4. Bc4 Nf6 5. e5 Ne4 6. Qe2 Nc5 7. O-O Ne6 8.
Bxe6 dxe6 9. Rd1 Be7 10. Be3 Bd7 11. Bxd4 Nxd4 12. Nxd4 O-O 13. Nc3 c5 14. Ndb5
a6 15. Nd6 Qb6 16. Nc4 Qc7 17. Rxd7 Qxd7 18. Nb6 Qc7 19. Nxa8 Rxa8 20. Rd1 h6
21. Qe4 Rc8 22. a4 c4 23. h4 Bc5 24. g3 Qb6 25. Qf3 Bd4 26. a5 Qc5 27. Ne4 Qxe5
28. c3 Bc5 29. Rd7 Qf5 30. Qxf5 exf5 31. Nxc5 Rxc5 32. Rxb7 Rxa5 33. Rb6 g6 34.
Kg2 Kg7 35. Rc6 Ra2 36. Rxc4 Rxb2 37. Ra4 Rb6 38. Ra5 Rc6 39. c4 Kf6 40. Kf3 Re6
41. Rd5 Ke7 42. Ra5 Kd7 43. h5 Kc7 44. Rc5+ Rc6 45. Re5 Kd7 46. Rd5+ Rd6 47. Ra5
Rc6 48. Rd5+ Ke6 49. Ra5 g5 50. Ke3 f6 51. Kd4 Rd6+ 52. Kc5 f4 53. gxf4 gxf4 54.
Ra2 Rd3 55. Rxa6+ Kf5 56. Ra2 Ke4 57. Kb6 Rb3+ 58. Kc6 Rc3 59. c5 Ke5 60. Kb6 f3
61. c6 Rb3+ 62. Kc5 Rc3+ 63. Kb6 Rb3+ 64. Kc7 Rc3 65. Kd7 Rd3+ 66. Ke7 Rc3 67.
Ra5+ Kf4 68. Kd6 Kg4 69. c7 Rd3+ 70. Rd5 1-0

[Event "IMSA World Masters Blitz"]
[Site "Hengshui CHN"]
[Date "2019.05.18"]
[Round "14.7"]
[White "Mamedov, Rauf"]
[Black "Ponomariov, Ruslan"]
[Result "1/2-1/2"]
[WhiteTitle "GM"]
[BlackTitle "GM"]
[WhiteElo "2650"]
[BlackElo "2675"]
[WhiteFideId "13401653"]
[BlackFideId "14103320"]
[EventDate "2019.05.17"]

1. e4 c6 2. Nc3 d5 3. Nf3 Bg4 4. h3 Bxf3 5. Qxf3 e6 6. d3 Nd7 7. Be2 g6 8. Qg3
Bg7 9. exd5 cxd5 10. Bf4 Qb6 11. O-O Rc8 12. Rab1 Ngf6 13. Bd6 Bf8 14. Bf4 Bg7
15. Bd6 Bf8 16. Bf4 Bg7 17. Bd6 Bf8 1/2-1/2

[Event "IMSA World Masters Blitz"]
[Site "Hengshui CHN"]
[Date "2019.05.18"]
[Round "14.8"]
[White "Le, Quang Liem"]
[Black "Cheparinov, Ivan"]
[Result "1/2-1/2"]
[WhiteTitle "GM"]
[BlackTitle "GM"]
[WhiteElo "2704"]
[BlackElo "2667"]
[WhiteFideId "12401137"]
[BlackFideId "2905540"]
[EventDate "2019.05.17"]

1. e4 e5 2. Nf3 Nc6 3. Bb5 Nf6 4. d3 Bc5 5. O-O d6 6. c3 O-O 7. h3 Ne7 8. d4 Bb6
9. Re1 d5 10. Nxe5 Nxe4 11. Nd2 Nd6 12. Bd3 f6 13. Nef3 Bf5 14. Nf1 Bxd3 15.
Qxd3 Qd7 16. Bf4 Rae8 17. Ng3 Nef5 18. Bxd6 Nxd6 19. b3 Qf7 20. a4 a5 21. Nd2 c6
22. c4 Bc7 23. c5 Nc8 24. Nf5 Ne7 25. Nf3 Nxf5 26. Qxf5 g6 27. Qc2 Rxe1+ 28.
Rxe1 Re8 29. Re2 Re6 30. Kf1 Qe7 31. Rxe6 Qxe6 32. Qe2 Kf7 33. Qxe6+ Kxe6 34.
Ke2 h5 35. Kd3 g5 36. g4 hxg4 37. hxg4 Bf4 38. Ne1 f5 39. f3 Bc7 40. Kc3 f4 41.
Nd3 Kd7 42. b4 axb4+ 43. Kxb4 Ke6 44. Nc1 Kd7 45. Nb3 Kc8 46. a5 Kd7 47. Na1 Bd8
48. Nc2 Kc8 49. Ka4 Kd7 50. Nb4 Bf6 51. Nc2 Bd8 52. Nb4 Bf6 53. Nc2 Bd8 54. Nb4 1/2-1/2

[Event "IMSA World Masters Blitz"]
[Site "Hengshui CHN"]
[Date "2019.05.18"]
[Round "15.1"]
[White "Gelfand, Boris"]
[Black "Rapport, Richard"]
[Result "1/2-1/2"]
[WhiteTitle "GM"]
[BlackTitle "GM"]
[WhiteElo "2676"]
[BlackElo "2736"]
[WhiteFideId "2805677"]
[BlackFideId "738590"]
[EventDate "2019.05.17"]

1. d4 e6 2. c4 f5 3. g3 Nf6 4. Bg2 Be7 5. Nf3 d5 6. Nbd2 Ne4 7. b3 Nc6 8. Bb2
Bf6 9. e3 O-O 10. O-O Bd7 11. a3 a5 12. Qc2 Be8 13. Bc3 Bg6 14. Qb2 Qe7 15. Rac1
Kh8 16. cxd5 exd5 17. b4 axb4 18. axb4 b5 19. Nb3 Nxb4 20. Nc5 Na2 21. Bb4 Nxc1
22. Nxe4 Qxe4 23. Bxf8 Nd3 24. Qd2 Qe8 25. Qxd3 f4 26. Qb3 Qxf8 27. Qxd5 fxe3
28. fxe3 Re8 29. Ne5 Qd6 30. Qxb5 Bxe5 31. dxe5 Qe7 32. Rc1 h6 33. Qc5 Qxe5 34.
Qxe5 Rxe5 35. Rxc7 Rxe3 36. Rc1 Re8 37. Kf2 Rf8+ 38. Kg1 Re8 39. Kf2 Rf8+ 40.
Kg1 1/2-1/2

[Event "IMSA World Masters Blitz"]
[Site "Hengshui CHN"]
[Date "2019.05.18"]
[Round "15.2"]
[White "Bu, Xiangzhi"]
[Black "Leko, Peter"]
[Result "1/2-1/2"]
[WhiteTitle "GM"]
[BlackTitle "GM"]
[WhiteElo "2729"]
[BlackElo "2674"]
[WhiteFideId "8601445"]
[BlackFideId "703303"]
[EventDate "2019.05.17"]

1. Nf3 Nf6 2. c4 e6 3. Nc3 d5 4. d4 c5 5. cxd5 Nxd5 6. e4 Nxc3 7. bxc3 cxd4 8.
cxd4 Bb4+ 9. Bd2 Bxd2+ 10. Qxd2 O-O 11. Rc1 b6 12. Bd3 Bb7 13. O-O Nd7 14. Qf4
h6 15. h4 Rc8 16. Rxc8 Qxc8 17. Rc1 Qb8 18. Qxb8 Rxb8 19. Rc7 Nf6 20. Ne5 Bxe4
21. Bxe4 Nxe4 22. Rxa7 Rd8 23. f3 Nc3 24. h5 f6 25. Nc6 Re8 26. Kf2 Nd5 27. Kg3
Kf8 28. Rb7 Rc8 29. Nb8 Rc2 30. Nd7+ Kg8 31. Nxb6 Ne3 32. Rb8+ Kf7 33. Rb7+ Kg8
34. Rb8+ Kf7 35. Rb7+ 1/2-1/2

[Event "IMSA World Masters Blitz"]
[Site "Hengshui CHN"]
[Date "2019.05.18"]
[Round "15.3"]
[White "Korobov, Anton"]
[Black "Vidit, Santosh Gujrathi"]
[Result "1-0"]
[WhiteTitle "GM"]
[BlackTitle "GM"]
[WhiteElo "2687"]
[BlackElo "2707"]
[WhiteFideId "14105730"]
[BlackFideId "5029465"]
[EventDate "2019.05.17"]

1. d4 Nf6 2. c4 e6 3. Nc3 Bb4 4. e3 O-O 5. Bd3 d5 6. a3 Bxc3+ 7. bxc3 dxc4 8.
Bxc4 c5 9. Nf3 Qc7 10. Ba2 b6 11. O-O Bb7 12. Ne5 Nbd7 13. Nxd7 Qxd7 14. f3 Rfd8
15. Bb2 Rac8 16. Rc1 Bd5 17. Bb1 Bc4 18. Re1 Qb5 19. Qd2 e5 20. Qf2 Qe8 21. e4
cxd4 22. cxd4 exd4 23. Bxd4 Qe7 24. e5 Nd5 25. f4 Ba6 26. Rxc8 Rxc8 27. e6 fxe6
28. f5 Qg5 29. h4 Qg4 30. fxe6 Rf8 31. e7 Nxe7 32. Ba2+ 1-0

[Event "IMSA World Masters Blitz"]
[Site "Hengshui CHN"]
[Date "2019.05.18"]
[Round "15.6"]
[White "Le, Quang Liem"]
[Black "Yu, Yangyi"]
[Result "1/2-1/2"]
[WhiteTitle "GM"]
[BlackTitle "GM"]
[WhiteElo "2704"]
[BlackElo "2739"]
[WhiteFideId "12401137"]
[BlackFideId "8603820"]
[EventDate "2019.05.17"]

1. e4 e5 2. Bc4 Nf6 3. d3 c6 4. Nf3 d5 5. Bb3 a5 6. a4 Bd6 7. O-O O-O 8. Re1
dxe4 9. dxe4 Na6 10. c3 Nc5 11. Bc2 h6 12. Na3 Be6 13. h3 Qe7 14. Nd2 Bc7 15.
Qf3 Rfd8 16. Ndc4 b5 17. axb5 cxb5 18. Ne3 b4 19. Nac4 b3 20. Bb1 a4 21. Nf5
Bxf5 22. exf5 e4 23. Qe2 Qd7 24. Be3 Qxf5 25. Bxc5 Qxc5 26. Bxe4 Re8 27. Qf3
Rad8 28. Bd3 Rxe1+ 29. Rxe1 Qd5 30. Qxd5 Nxd5 31. Bb1 Kf8 32. g3 Nb6 33. Nxb6
Bxb6 34. Kf1 g6 35. Ke2 Ke7 36. Bd3 Bc5 37. Rd1 Kf6 38. Bb5 Ra8 39. Rd5 a3 40.
bxa3 Bxa3 41. Bd3 b2 42. Rb5 h5 43. Kd2 Rc8 44. Kc2 Bc5 45. Rxb2 Bxf2 46. g4
hxg4 47. hxg4 Kg5 48. Rb4 Be1 49. Rc4 Rd8 50. Re4 Bg3 51. Bc4 f6 52. Be6 Be5 53.
Rc4 Rd6 54. Bc8 Rb6 55. Rc5 Kf4 56. Rc4+ Ke3 57. Bd7 Rd6 58. Be8 f5 59. gxf5
gxf5 60. Rc5 Kf4 61. Bc6 Rd8 62. Rc4+ Ke3 63. Rc5 Kf4 64. Rc4+ Kg5 65. Rc5 Kf4
66. Rc4+ Kg5 67. Rc5 Kf6 68. Bf3 Bf4 69. Bd5 Be3 70. Rc6+ Ke5 71. c4 Kd4 72. Re6
Rb8 73. Rd6 f4 74. Rd7 Rh8 75. Bf7+ Kc5 76. Rd5+ Kc6 77. Rf5 Kd6 78. Bd5 Kc5 79.
Kd3 Kb4 80. Rf7 Rb8 81. Be4 Rd8+ 82. Bd5 Rb8 83. Rf6 Rb6 84. Rf8 Ra6 85. Ke4 Kc3
86. Rc8 Ra5 87. Kf3 Kd4 88. Rd8 Ra3 89. Bf7+ Kc5 90. Rd5+ Kxc4 91. Ra5+ Kb4 92.
Rxa3 Kxa3 1/2-1/2

[Event "IMSA World Masters Blitz"]
[Site "Hengshui CHN"]
[Date "2019.05.18"]
[Round "15.7"]
[White "Mamedov, Rauf"]
[Black "Fedoseev, Vladimir3"]
[Result "1-0"]
[WhiteTitle "GM"]
[BlackTitle "GM"]
[WhiteElo "2650"]
[BlackElo "2683"]
[WhiteFideId "13401653"]
[BlackFideId "24130737"]
[EventDate "2019.05.17"]

1. e4 c5 2. Nf3 d6 3. Bb5+ Nd7 4. c3 Nf6 5. Qe2 a6 6. Ba4 b5 7. Bc2 Bb7 8. d4 e5
9. O-O Be7 10. Rd1 Qb8 11. a4 O-O 12. d5 c4 13. Nbd2 Nc5 14. Nf1 Bc8 15. Ng3 Bd7
16. axb5 axb5 17. Be3 Rc8 18. h3 Qc7 19. Qf1 Nb3 20. Bxb3 cxb3 21. Nd2 Ra2 22.
Rab1 b4 23. Rdc1 bxc3 24. Rxc3 Qd8 25. Rxb3 h5 26. Ne2 Ba4 27. Rb7 Bd7 28. Nc3
Raa8 29. Nc4 Rab8 30. Rxb8 Rxb8 31. b4 Qc7 32. b5 Ra8 33. b6 Qb7 34. Ra1 Be8 35.
Qb1 Nd7 36. Rxa8 Qxa8 37. b7 Qb8 38. Na5 Qc7 39. Nc6 Bf8 40. b8=Q Nxb8 41. Qxb8
Qd7 42. Nb5 f5 43. f3 fxe4 44. fxe4 Bg6 45. Nc3 Qf7 46. Nd8 Qf6 1-0

[Event "IMSA World Masters Blitz"]
[Site "Hengshui CHN"]
[Date "2019.05.18"]
[Round "16.3"]
[White "Vidit, Santosh Gujrathi"]
[Black "Korobov, Anton"]
[Result "1/2-1/2"]
[WhiteTitle "GM"]
[BlackTitle "GM"]
[WhiteElo "2707"]
[BlackElo "2687"]
[WhiteFideId "5029465"]
[BlackFideId "14105730"]
[EventDate "2019.05.17"]

1. Nf3 d5 2. g3 g6 3. Bg2 Bg7 4. d4 Nf6 5. O-O O-O 6. c4 c6 7. Qb3 a5 8. cxd5
cxd5 9. Nc3 Nc6 10. Rd1 e6 11. Bf4 Qe7 12. a3 Ne4 13. Nxe4 dxe4 14. Ne5 Nxe5 15.
dxe5 a4 16. Qb5 g5 17. Be3 Qc7 18. Bd4 Bd7 19. Qb4 Bc6 20. Rac1 Qa5 21. Rc5 Qxb4
22. axb4 Rfd8 23. e3 Bf8 24. Rxc6 bxc6 25. Bxe4 Rac8 26. Rc1 Bxb4 27. Rxc6 Rxc6
28. Bxc6 a3 29. bxa3 Bxa3 30. Kg2 Rb8 31. f4 h6 32. Kf3 Bb2 33. Kg4 Bxd4 34.
exd4 Rd8 35. fxg5 Rxd4+ 36. Kh5 hxg5 37. Kxg5 Kg7 38. h4 Rc4 39. Bf3 Rc5 40. Kf4
f6 41. exf6+ Kxf6 42. g4 e5+ 43. Ke3 Rc3+ 44. Ke4 Rc4+ 45. Ke3 Ra4 46. Be4 Ra3+
47. Bd3 e4 48. Kxe4 Ra4+ 49. Kf3 Rxg4 50. Kxg4 Kg7 51. h5 Kh8 52. h6 Kg8 53. Kg5
Kh8 54. Kg6 Kg8 55. h7+ Kh8 1/2-1/2

[Event "IMSA World Masters Blitz"]
[Site "Hengshui CHN"]
[Date "2019.05.18"]
[Round "16.5"]
[White "Dominguez Perez, Leinier"]
[Black "Jones, Gawain C B"]
[Result "1/2-1/2"]
[WhiteTitle "GM"]
[BlackTitle "GM"]
[WhiteElo "2750"]
[BlackElo "2702"]
[WhiteFideId "3503240"]
[BlackFideId "409561"]
[EventDate "2019.05.17"]

1. e4 e5 2. Nf3 Nc6 3. Bc4 Bc5 4. c3 Nf6 5. d3 d6 6. Nbd2 a6 7. Bb3 O-O 8. Nf1
Be6 9. Bc2 Ba7 10. Ng3 h6 11. O-O Ne7 12. h3 Ng6 13. d4 Qc8 14. Re1 Rd8 15. Bd2
c5 16. d5 Bxh3 17. gxh3 Qxh3 18. c4 Ng4 19. Nf5 Nf4 20. Bxf4 exf4 21. N5h4 Ne5
22. Nxe5 dxe5 23. Qh5 g5 24. Qxh6 Qxh4 25. Qxh4 gxh4 26. Kg2 Rd6 27. Kh3 Kf8 28.
Rg1 Rg6 29. Rxg6 fxg6 30. Kxh4 Kf7 31. Kh3 Rh8+ 32. Kg2 g5 33. Bd1 Rh4 34. Ba4
g4 35. d6 Bb6 36. d7 Bd8 37. Rd1 Rh6 38. Rd5 b6 39. Rxe5 Re6 40. Rf5+ Rf6 41.
Rh5 Ke7 42. Rh7+ Rf7 43. Rh8 b5 44. cxb5 axb5 45. Bxb5 Rf8 46. Rxf8 Kxf8 47. a4
Ke7 48. Bc4 Kxd7 49. Kf1 Kd6 50. Ke2 Ke5 51. Bd5 Kd4 52. Be6 g3 53. fxg3 fxg3
54. Kf3 g2 55. Kxg2 Kxe4 56. b3 Kd4 57. Bc4 Ke5 58. Kf3 Kd6 59. Ke4 Ba5 60. Kf5
Bb4 61. Kf6 Kc7 62. Ke6 Kb6 63. Kd7 Ka5 64. Kc6 Ba3 1/2-1/2

[Event "IMSA World Masters Blitz"]
[Site "Hengshui CHN"]
[Date "2019.05.18"]
[Round "16.6"]
[White "Yu, Yangyi"]
[Black "Le, Quang Liem"]
[Result "1/2-1/2"]
[WhiteTitle "GM"]
[BlackTitle "GM"]
[WhiteElo "2739"]
[BlackElo "2704"]
[WhiteFideId "8603820"]
[BlackFideId "12401137"]
[EventDate "2019.05.17"]

1. e4 c6 2. d4 d5 3. e5 Bf5 4. Nf3 e6 5. Be2 c5 6. Be3 Qb6 7. Nc3 Nc6 8. Na4
Qa5+ 9. c3 c4 10. O-O b5 11. Nc5 Bxc5 12. dxc5 b4 13. Nd4 Nge7 14. cxb4 Qxb4 15.
b3 O-O 16. a3 Qb7 17. bxc4 dxc4 18. Nxc6 Nxc6 19. Bxc4 Nxe5 20. Be2 Rfd8 21. Qa4
Be4 22. f3 Bd3 23. Rfe1 Bxe2 24. Rxe2 Qc6 25. Qc2 Rd5 26. Rd1 Rad8 27. Red2 h6
28. h3 a6 29. Rxd5 Rxd5 30. Rxd5 Qxd5 31. Bf2 Nc6 32. Qa4 a5 33. Qb5 g5 34. Qb2
e5 35. Qc2 Qe6 36. g4 Qd5 37. Kg2 Nd4 38. Bxd4 exd4 39. c6 d3 40. Qc3 Qa2+ 41.
Kg3 Qb1 42. Qd4 Qe1+ 43. Kg2 Qe2+ 44. Kg3 Qe1+ 45. Kg2 Qe2+ 46. Kg3 Qe1+ 47. Kg2
Qe2+ 48. Kg3 Qe1+ 1/2-1/2

[Event "IMSA World Masters Blitz"]
[Site "Hengshui CHN"]
[Date "2019.05.18"]
[Round "16.8"]
[White "Ponomariov, Ruslan"]
[Black "Cheparinov, Ivan"]
[Result "1-0"]
[WhiteTitle "GM"]
[BlackTitle "GM"]
[WhiteElo "2675"]
[BlackElo "2667"]
[WhiteFideId "14103320"]
[BlackFideId "2905540"]
[EventDate "2019.05.17"]

1. e4 e5 2. Nf3 Nc6 3. Bc4 Bc5 4. d3 Nf6 5. O-O d6 6. c3 O-O 7. Re1 a5 8. Nbd2
Be6 9. Bxe6 fxe6 10. Nf1 Bb6 11. Be3 Bxe3 12. Nxe3 a4 13. b4 axb3 14. axb3 Qd7
15. b4 Ne7 16. Qb3 h6 17. Nd2 Ng6 18. g3 Kh7 19. Kg2 Qf7 20. f3 d5 21. Qc2 Nh5
22. Ng4 Nf6 23. Nf2 Kh8 24. Rxa8 Rxa8 25. c4 c6 26. Rb1 Qd7 27. b5 Ne7 28. Qc3
Qd6 29. bxc6 bxc6 30. Rb7 Rb8 31. Ra7 Qc5 32. Ra5 Qd6 33. Nb3 Ng6 34. Ra6 dxe4
35. dxe4 Rd8 36. c5 Qc7 37. Na5 Ne7 38. Nc4 Ng6 39. Nd3 Qb7 40. Rb6 Qa8 41.
Ndxe5 Nxe5 42. Nxe5 Kh7 43. Qc2 Qa5 44. Rb2 Qa6 45. Nf7 Rd3 46. Nd6 e5 47. Nc4
Rd4 48. Nxe5 Qc8 49. Nf7 Kg8 50. Nd6 Qe6 51. Rb8+ Kh7 52. e5+ g6 53. Rb7+ Kg8
54. Qxg6+ 1-0

[Event "IMSA World Masters Blitz"]
[Site "Hengshui CHN"]
[Date "2019.05.18"]
[Round "17.1"]
[White "Dominguez Perez, Leinier"]
[Black "Bu, Xiangzhi"]
[Result "1/2-1/2"]
[WhiteTitle "GM"]
[BlackTitle "GM"]
[WhiteElo "2750"]
[BlackElo "2729"]
[WhiteFideId "3503240"]
[BlackFideId "8601445"]
[EventDate "2019.05.17"]

1. e4 e5 2. Nf3 Nf6 3. Nxe5 d6 4. Nf3 Nxe4 5. d4 d5 6. Bd3 Nc6 7. O-O Be7 8.
Nbd2 Nd6 9. c3 Bf5 10. Be2 O-O 11. Re1 Re8 12. Qb3 Be6 13. Bd3 Bf6 14. Nf1 g6
15. Bf4 Qd7 16. Ne3 b6 17. Ng5 Bxg5 18. Bxg5 Na5 19. Qc2 Nac4 20. Bf4 Nxe3 21.
Rxe3 Bf5 22. Bxd6 Bxd3 23. Qxd3 Rxe3 24. Qxe3 Qxd6 25. Re1 c6 26. h4 h5 27. Qe7
Qxe7 28. Rxe7 c5 29. dxc5 bxc5 30. Rd7 Rb8 31. b3 c4 32. b4 a5 33. bxa5 Rb5 34.
a6 Ra5 35. a7 Kg7 36. g3 Kf6 37. Rxd5 Rxa7 38. Rc5 Rxa2 39. Rxc4 Rc2 40. Kg2 Ke6
41. Rc7 f6 42. Kf3 g5 43. Ke3 Kf5 44. Kf3 gxh4 45. gxh4 Ke6 46. Rc5 Kd6 47. Rc8
Ke5 48. Rc6 Kf5 49. Kg3 Ke5 50. f3 Kf5 51. Rc5+ Kg6 52. Kf4 Rh2 53. Kg3 Rc2 54.
c4 Rc1 55. Kf4 Rh1 56. Kg3 Rg1+ 57. Kh2 Rc1 58. Kg2 Rc2+ 59. Kg3 Rc1 60. Rc8 Kf5
61. c5 Rg1+ 62. Kh2 Rc1 63. Kg3 Rg1+ 64. Kf2 Rh1 65. Kg3 Rg1+ 66. Kf2 Rh1 67.
Kg3 Rg1+ 1/2-1/2

[Event "IMSA World Masters Blitz"]
[Site "Hengshui CHN"]
[Date "2019.05.18"]
[Round "18.1"]
[White "Bu, Xiangzhi"]
[Black "Dominguez Perez, Leinier"]
[Result "1-0"]
[WhiteTitle "GM"]
[BlackTitle "GM"]
[WhiteElo "2729"]
[BlackElo "2750"]
[WhiteFideId "8601445"]
[BlackFideId "3503240"]
[EventDate "2019.05.17"]

1. Nf3 d5 2. d4 Nf6 3. c4 e6 4. Nc3 c5 5. cxd5 Nxd5 6. e4 Nxc3 7. bxc3 cxd4 8.
cxd4 Bb4+ 9. Bd2 Bxd2+ 10. Qxd2 O-O 11. Rc1 b6 12. Bd3 Bb7 13. O-O Nd7 14. Qf4
Nf6 15. h4 h6 16. Rfe1 Rc8 17. e5 Rxc1 18. Rxc1 Nh5 19. Qg4 Bxf3 20. gxf3 g6 21.
a4 Ng7 22. Qf4 h5 23. Kg2 Qd7 24. Bb5 Qe7 25. Qf6 Qxf6 26. exf6 Nf5 27. Rc7
Nxh4+ 28. Kg3 Nf5+ 29. Kf4 Nxd4 30. Bd3 Kh7 31. Rxa7 Kh6 32. Be4 Nb3 33. Bc2 Nc5
34. Rc7 g5+ 35. Kg3 e5 36. Rc6 Nd7 37. Rd6 Rc8 38. Bf5 Rc4 39. Rxd7 g4 40. fxg4
Kg5 41. Rxf7 hxg4 42. Be6 Rc3+ 43. Kg2 Rf3 44. Rb7 Rxf6 45. Rxb6 e4 46. a5 g3
47. Kxg3 1-0

[Event "IMSA World Masters Blitz"]
[Site "Hengshui CHN"]
[Date "2019.05.18"]
[Round "19.1"]
[White "Fedoseev, Vladimir3"]
[Black "Bu, Xiangzhi"]
[Result "0-1"]
[WhiteTitle "GM"]
[BlackTitle "GM"]
[WhiteElo "2683"]
[BlackElo "2729"]
[WhiteFideId "24130737"]
[BlackFideId "8601445"]
[EventDate "2019.05.17"]

1. d4 d5 2. c4 c6 3. Nf3 Nf6 4. Qb3 dxc4 5. Qxc4 Bf5 6. g3 e6 7. Bg2 Nbd7 8. O-O
Be7 9. Nc3 O-O 10. Bf4 Rc8 11. a4 a5 12. Rfe1 Ne4 13. Rac1 Qb6 14. Qa2 Rfd8 15.
Be3 Qa6 16. Nd2 Nxd2 17. Bxd2 Bg6 18. e4 Ne5 19. Be3 Nd3 20. Bf1 Nxc1 21. Rxc1
Qa8 22. f4 Bf6 23. e5 Be7 24. g4 Qa7 25. Bf2 Qb6 26. Bh3 Bd3 27. f5 Rxd4 28.
fxe6 Bc5 29. exf7+ Kf8 30. Nd1 Rcd8 31. Qe6 Rc4 32. Rxc4 Bxc4 33. Qxc4 Rxd1+ 34.
Kg2 Rd2 35. Qe6 Rxf2+ 36. Kg3 Qd8 37. Bg2 Rxf7 38. Be4 g6 39. h4 Bf2+ 40. Kg2
Qxh4 41. Qd6+ Qe7 42. Qb8+ Kg7 0-1

[Event "IMSA World Masters Blitz"]
[Site "Hengshui CHN"]
[Date "2019.05.18"]
[Round "19.5"]
[White "Gelfand, Boris"]
[Black "Vidit, Santosh Gujrathi"]
[Result "1/2-1/2"]
[WhiteTitle "GM"]
[BlackTitle "GM"]
[WhiteElo "2676"]
[BlackElo "2707"]
[WhiteFideId "2805677"]
[BlackFideId "5029465"]
[EventDate "2019.05.17"]

1. Nf3 d5 2. d4 Nf6 3. c4 c6 4. e3 Bf5 5. Nc3 e6 6. Nh4 Be4 7. f3 Bg6 8. Qb3 Qc7
9. Bd2 Be7 10. g3 O-O 11. Nxg6 hxg6 12. g4 dxc4 13. Bxc4 b5 14. Be2 a6 15. g5
Nd5 16. f4 c5 17. Nxd5 exd5 18. Qxd5 Nd7 19. Rc1 Rad8 20. Qf3 Qb6 21. d5 c4 22.
h4 Rfe8 23. h5 Bb4 24. Bxb4 Rxe3 25. Qg4 Rde8 26. Rc2 Qd4 27. hxg6 fxg6 28. Rd2
Qe4 29. Rh3 Nb6 30. Rxe3 Qxe3 31. Kf1 a5 32. Qf3 Qxf3+ 33. Bxf3 axb4 34. d6 Rd8
35. Bc6 c3 36. Rc2 Nc4 37. Bd5+ Kf8 38. Bxc4 bxc4 39. bxc3 b3 40. axb3 cxb3 41.
Rb2 Rxd6 42. Rxb3 Rd2 43. Rb4 Rc2 44. Rc4 Ke7 45. Ke1 Ke6 46. Kd1 Rf2 47. Rd4
Kf5 48. Rd7 Rxf4 49. Rxg7 Kxg5 50. Ke2 Rc4 51. Kd3 Rc8 52. c4 Kf5 53. Rf7+ Ke6
54. Rf1 Ke5 55. Rg1 Rd8+ 56. Ke3 Rg8 57. c5 Kd5 58. Kf4 Kxc5 59. Kg5 Rd8 60. Rf1
Rd5+ 61. Kxg6 Rd6+ 62. Rf6 Rxf6+ 63. Kxf6 1/2-1/2

[Event "IMSA World Masters Blitz"]
[Site "Hengshui CHN"]
[Date "2019.05.18"]
[Round "20.2"]
[White "Andreikin, Dmitry"]
[Black "Leko, Peter"]
[Result "1/2-1/2"]
[WhiteTitle "GM"]
[BlackTitle "GM"]
[WhiteElo "2722"]
[BlackElo "2674"]
[WhiteFideId "4158814"]
[BlackFideId "703303"]
[EventDate "2019.05.17"]

1. Nf3 Nf6 2. g3 d5 3. Bg2 e6 4. O-O Be7 5. b3 O-O 6. Bb2 b6 7. c4 c5 8. cxd5
Nxd5 9. d4 Bb7 10. dxc5 Bxc5 11. Nc3 Nd7 12. h4 h6 13. Ne4 Be7 14. Qd4 N5f6 15.
Nfd2 Qb8 16. Rac1 Rd8 17. Qc3 Rc8 18. Qd4 Rd8 19. Qc3 Rc8 20. Qd4 Rd8 21. Qc3 1/2-1/2

[Event "IMSA World Masters Blitz"]
[Site "Hengshui CHN"]
[Date "2019.05.18"]
[Round "20.3"]
[White "Rapport, Richard"]
[Black "Ponomariov, Ruslan"]
[Result "1/2-1/2"]
[WhiteTitle "GM"]
[BlackTitle "GM"]
[WhiteElo "2736"]
[BlackElo "2675"]
[WhiteFideId "738590"]
[BlackFideId "14103320"]
[EventDate "2019.05.17"]

1. b3 e5 2. Bb2 Nc6 3. c4 Nf6 4. Nf3 d6 5. e3 g6 6. d4 exd4 7. Nxd4 Bd7 8. Be2
Bg7 9. O-O O-O 10. Nc3 Re8 11. Rc1 Nxd4 12. Qxd4 Ne4 13. Qd1 Bc6 14. Bf3 Nxc3
15. Bxc3 Bxf3 16. Qxf3 b6 17. Rfd1 a5 18. Bxg7 Kxg7 19. Qc6 Qe7 20. Rd4 Rad8 21.
g3 h5 22. h4 Rc8 23. Kg2 Qe6 24. a3 Re7 25. Rcd1 Rce8 26. R1d2 Qd7 27. Qb7 Qc8
28. Qc6 Qa8 29. Qd5 Re5 30. Qxa8 Rxa8 31. Rd5 Kf6 32. Kf3 Rae8 33. Ke2 Ke7 34.
Kd3 Re6 35. Kc3 Kd7 36. R5d4 f5 37. Kd3 Re5 38. Ke2 Re4 39. Kf3 Rxd4 40. Rxd4
Ke6 41. Kf4 Kf6 42. f3 Re5 43. e4 fxe4 44. fxe4 g5+ 45. Ke3 gxh4 46. gxh4 Ke6
47. Kf4 c6 48. Rd3 b5 49. Rc3 Rc5 50. a4 bxa4 51. bxa4 Kf6 52. Rd3 Ke7 53. Rc3
Ke6 54. Rc2 Kf6 55. Rd2 Ke6 56. Rc2 Kf6 57. Rd2 Ke6 58. Rc2 1/2-1/2